Catálogo
Digital

Catálogo
Digital

Control social y otros cambios. Volúmen IV y V (Record no. 14349)

MARC details
000 -CABECERA
campo de control de longitud fija 01406nam a2200313 4500
003 - IDENTIFICADOR DEL NÚMERO DE CONTROL
campo de control EC-UNACH
005 - FECHA Y HORA DE LA ÚLTIMA TRANSACCIÓN
campo de control 20260122162800.0
006 - CÓDIGOS DE INFORMACIÓN DE LONGITUD FIJA--CARACTERÍSTICAS DEL MATERIAL ADICIONAL
campo de control de longitud fija s||||gr|||| 00| 00
008 - DATOS DE LONGITUD FIJA--INFORMACIÓN GENERAL
campo de control de longitud fija 150116t9999 mx r gr 000 0 spa d
020 ## - NÚMERO INTERNACIONAL ESTÁNDAR DEL LIBRO
Número Internacional Estándar del Libro 978-9978-17-230-8
040 ## - FUENTE DE LA CATALOGACIÓN
Centro catalogador/agencia de origen EC-UNACH
Centro/agencia transcriptor EC-UNACH
041 ## - CÓDIGO DE LENGUA
Código de lengua del texto/banda sonora o título independiente spa
082 04 - NÚMERO DE LA CLASIFICACIÓN DECIMAL DEWEY
Número de edición 23
Número de clasificación 345.02
Número de documento/Ítem L018561
100 ## - ENTRADA PRINCIPAL--NOMBRE DE PERSONA
Nombre de persona Bustos Ramírez, Juan
245 ## - MENCIÓN DE TÍTULO
Título Control social y otros cambios. Volúmen IV y V
250 ## - MENCIÓN DE EDICIÓN
Mención de edición Primera edición
264 ## - Producción, publicación, distribución, fabricación y copyright
Lugar de producción, publicación, distribución, fabricación Ecuador
Nombre del de productor, editor, distribuidor, fabricante Editorial Jurídica de Ecuador
Fecha de de producción, publicación, distribución, fabricación o copyright 2008
300 ## - DESCRIPCIÓN FÍSICA
Extensión 395 páginas
490 ## - MENCIÓN DE SERIE
Mención de serie Obras Completas
Designación de volumen o secuencia Volúmenes IV y V
505 ## - NOTA DE CONTENIDO CON FORMATO
Nota de contenido con formato Criminología critica y derecho penal. - Política criminal y derecho penal. - Pena y estado. - Estado actual de la teoría de la pena. - Del estado actual de la teoría del injusto. - Consideraciones en torno del injusto. - Política criminal del injusto. - Los bienes jurídicos colectivos. - Significación social y tipicidad. - Política criminal y dolo eventual. - El injusto personal primer nivel del principio de culpabilidad. - La imputabilidad en un estado de derecho. - Castigo o impunidad de la tentativa inidónea un falso dilema.
650 ## - PUNTO DE ACCESO ADICIONAL DE MATERIA--TÉRMINO DE MATERIA
Término de materia o nombre geográfico como elemento inicial LA PENA
650 ## - PUNTO DE ACCESO ADICIONAL DE MATERIA--TÉRMINO DE MATERIA
Término de materia o nombre geográfico como elemento inicial EL BIEN JURÍDICO
650 ## - PUNTO DE ACCESO ADICIONAL DE MATERIA--TÉRMINO DE MATERIA
Término de materia o nombre geográfico como elemento inicial EL DELITO
942 ## - ELEMENTOS DE PUNTO DE ACCESO ADICIONAL (KOHA)
Fuente del sistema de clasificación o colocación Clasificación Decimal Dewey
Tipo de ítem Koha Libros
999 ## - NÚMEROS DE CONTROL DE SISTEMA (KOHA)
Koha biblionumber 14349
Holdings
Estado de pérdida Fuente del sistema de clasificación o colocación Estado dañado No para préstamo Localización permanente Ubicación/localización actual Ubicación en estantería Fecha de adquisición Fuente de adquisición Número de inventario Total de préstamos Signatura topográfica completa Código de barras Tipo de ítem Koha Estado de retiro Centro de costos
  Clasificación Decimal Dewey     Biblioteca Campus Norte Biblioteca Campus Norte Facultad de Ciencias Políticas y Administrativas - Generalidades 22/12/2025 Transitoria segunda Resolución N°0311-CU-UNACH-SE-ORD-16-09-24 39932743   345.02 BUS L018561 L018561 Libros    

Powered by Koha